Fare l'amore /

में बचाया:
ग्रंथसूची विवरण
मुख्य लेखक: Berne, Eric (लेखक)
अन्य लेखक: D'Anna, Andrea, (1938- ) (अनुवादक)
स्वरूप: पुस्तक
भाषा:इतालवी
प्रकाशित: Milano : V. Bompiani, ©1971
श्रृंखला:Cose d'oggi ; 76
विषय:
टैग: टैग जोड़ें
कोई टैग नहीं, इस रिकॉर्ड को टैग करने वाले पहले व्यक्ति बनें!

MARC

LEADER 00000nam a22000007i 4500
001 IT\ICCU\SBL\0374449
003 ItRI
005 20260115232106.0
008 910930s1971 it |||||| ||||| |||||c
015 |2 IT  |a 719746 
020 |a 9788845291555 (10. rist. 2012) 
040 |b ita  |c importazione bologna sebina 
041 7 |a ita  |2 ISO-639-2 
082 |a 155.3  |9 PSICOLOGIA DEL SESSO  |2 17 
100 1 |a Berne, Eric  |0 IT\ICCU\CFIV\009772  |4 aut 
240 1 0 |a Sex in human loving  |3 IT\ICCU\CFI\0016711  |9 Berne, Eric 
245 1 0 |a Fare l'amore /  |c Eric Berne. 
260 |a Milano :  |b V. Bompiani,  |c ©1971 
300 |a 255 p. ;  |c 22 cm 
500 |a Trad. di A. D'Anna. 
650 7 |a Sesso  |x Psicologia 
700 1 |a D'Anna, Andrea,  |d  (1938- )  |0 IT\ICCU\RAVV\027521  |4 trl 
830 0 |a Cose d'oggi ;  |v 76  |0 IT\ICCU\RAV\0050089 
942 |2 ddc  |c BK  |n 0 
952 |0 0  |1 0  |4 0  |6 DOC_155_300000000000000_BER  |7 0  |9 19885  |a BO  |b BO  |d 2026-01-15  |i 2179  |l 0  |o DOC 155.3 BER  |p BO2179  |r 2026-01-15 23:21:06  |w 2026-01-15  |x [Sebina 5] [1 v.]  |y BK  |z 1 v. 
999 |c 16953  |d 16953